000 01203cam a22001814a 4500
005 20250605164355.0
008 250528s ||||||||||||||||||||||||d
035 _a24310
040 _aGR-AtMCL
_bgre
_dGR-AtMCL
_eAACR2
245 1 _aΕλληνικές Καινοτομίες και Ερευνητικά Επιτεύγματα στην 81η ΔΕΘ
260 _bΚαινοτομία Έρευνα Και Τεχνολογία,
_c2016
300 _a32
520 _aSearchCulture.gr για Ενιαία Αναζήτηση Ψηφιακού Πολιτιστικού Περιεχομένου, Intale: Ο 'Ψηφιακός Βοηθός' της Μικρής Λιανικής, Το ΕΙΕ Ανοίγει τις Πόρτε του στους Μαθητές για 'Ερευνητικές Περιηγήσεις', Στο 0,96% του ΑΕΠ το Ποσοστό Δαπανών για 'Έρευνα και Ανάπτυξη το 2015 στην Ελλάδα, Ελληνικό Ίδρυμα Έρευνας και Καινοτομίας (ΕΛΙΔΕΚ) για τη Χρηματοδότηση της Έρευνας.
700 1 _aΣαχίνη Εύη
_99352
942 _cCR
999 _c9199
_d9199